00411 2200169 4500245004400000020002200044250001000066100001400076700001900090650002000109005001900129260003800148041001400186084001100200300002100211336000900232 aIyan Bukan Anak TengahcArmaraherhText a978-623-09-5330-9 aCet.4 aArmaraher aNabila Shafira aFiksi Indonesia a20240926073632 aDepokbSkuad Media Cakawalac2024 aIndonesia a808.83 a336 hlm :c19 cm atext